Голяма книга на професиите (Запис номер 528970)
[ съкратено ]
| 000 -Лидер | |
|---|---|
| Лидер | 01399nam a2200277 a 4500 |
| 003 - Код на организацията, давaща контролен номер | |
| Код на организацията, даваща контролен номер | BLK |
| 005 - Дата и час на последна редакция | |
| Дата и час на последна редакция | 20250519153506.0 |
| 008 - Елементи от данни с фиксирана дължина | |
| Елементи с фиксирана дължина | 210210b bu |||||r|||||||| ||bu d |
| 020 ## - Международен стандартен номер на книга ISBN | |
| ISBN | 9786192409722 |
| 040 ## - Източник на каталожния запис | |
| Код на библиотеката | BLK |
| 041 ## - Код за език | |
| Език | Български |
| Език за КДБФ | Български |
| 080 ## - УДК | |
| УДК текст | Професии. Професионални проблеми - Видове професии, професионални групи. Професионално ориентиране и др. Подразделят се със съотношение (331.54:023 - Библиотекарска професия) |
| УДК код | 331.54 |
| УДК – определител | :087.5 |
| УДК – код + определител | 331.54:087.5 |
| 9 (RLIN) | 237257 |
| 084 ## - Класификационен индекс по друга класификация | |
| Авторски знак | Гол - Г 63 |
| 245 ## - Сведения за заглавието | |
| Заглавие | Голяма книга на професиите |
| Подзаглавни данни | Избери какъв да станеш |
| Авторска отговорност | прев. Диана Върголомова. |
| 257 ## - Страна на издаване | |
| Страна на създаване/издаване | България |
| 260 ## - Област на издателските данни | |
| Място на издаване | София |
| Име на издателя | ПАН |
| Година на издаване | 2022 |
| 9 (RLIN) | 209558 |
| 300 ## - Физическа характеристика | |
| Брой страници | 64 с. |
| Илюстрации | с цв. ил. |
| Размер | 30 см |
| 380 ## - Жанр | |
| Жанр | Детска отраслова лит. |
| 500 ## - Общи забележки | |
| Обща забележка | Ориг. загл. Giant Book of Jobs. - Азбучен показалец на професиите с. 64 |
| 650 #0 - Допълнително описание по предмет – тема | |
| 9 (RLIN) | 261304 |
| Предметна рубрика | Професии и видове труд |
| 700 1# - Други автори (авторска отговорност) | |
| 9 (RLIN) | 50214 |
| Друг автор | Върголомова, Диана Валериева |
| 852 ## - Местоположение | |
| Отдел | Детски отдел |
| Систематично-азбучна сигнатура | ДН 33/Г 63 |
| 942 ## - АРТИКУЛИ | |
| Вид на библиотечния документ | Книги |
| Скрит в OPAC | Не |
| Периодичен библиозапис | Да |
| Koha issues (borrowed), all copies | 4 |
| 944 ## - СЪЗДАВАНЕ И РЕДАКЦИЯ на ЗАПИСА | |
| Дата на регистрацията/редакция | Севдалина Тодорова |
| Служител, извършил регистрацията/редакцията | 30549 |
| Номер на служител | Вася Ганчева |
| Създаване/Редакция | |
| 999 ## - СИСТЕМНИ КОНТРОЛНИ НОМЕРА | |
| Koha biblionumber | 528970 |
| Koha biblioitemnumber | 528970 |
| Код за отписване | Код за изгубен артикул | Източник на класификационната схема | Код за повреда | Код за отдаване | Артикулен № | Име на библиотеката - собственик | Име на библиотеката, в която се намира в момента | Статус (Текущо местоположение) | Дата на вписване в системата | Местоположение - отдел | Цена в лева | Инвентарен номер | Систематично азбучна сигнатура | Баркод | Цена в евро | Служебен тип на артикула |
|---|---|---|---|---|---|---|---|---|---|---|---|---|---|---|---|---|
| Не е изгубен | Universal Decimal Classification | Не е повреден | заемане за дома | 963870 | Регионална библиотека "Любен Каравелов" Русе | Регионална библиотека "Любен Каравелов" Русе | Детски отдел | 2025-03-18 | Детски отдел | 18.29 | 120000918849 | ДН 33/Г 63 | 120000918849 | 9.35 | Книги | |
| Не е изгубен | Universal Decimal Classification | Не е повреден | заемане за дома | 963871 | Регионална библиотека "Любен Каравелов" Русе | Регионална библиотека "Любен Каравелов" Русе | Детски отдел | 2025-03-18 | Детски отдел | 18.29 | 120000918848 | ДН 33/Г 63 | 120000918848 | 9.35 | Книги |